Statistics for 34 Groups of Seven

Click here to take the quiz!

General Stats

  • This quiz has been taken 1,093 times
  • The average score is 257 of 476

Answer Stats

Answer % Correct
94%
94%
Red
94%
Red Sea
94%
Green
93%
93%
Australia
92%
Blue
92%
Yellow
92%
92%
92%
92%
United Kingdom
91%
United States
91%
United Kingdom
91%
United States
91%
91%
91%
91%
91%
91%
United Kingdom
91%
United Kingdom
91%
91%
Asia
90%
90%
Europe
89%
89%
89%
South America
89%
89%
North America
89%
Africa
88%
88%
88%
Orange
88%
Uzbekistan
87%
Uzbekistan
87%
87%
87%
85%
George Washington
85%
Afghanistan
85%
Pakistan
85%
85%
85%
84%
Antarctica
84%
84%
New York
84%
83%
Australia
83%
83%
France
83%
France
83%
France
83%
83%
83%
81%
California
81%
80%
Germany
80%
80%
80%
80%
Berlin
80%
Germany
80%
Kazakhstan
80%
Chile
79%
Violet
79%
79%
Chile
79%
79%
79%
79%
79%
United Arab Emirates
79%
Turkmenistan
79%
79%
United Arab Emirates
79%
Uruguay
79%
79%
78%
78%
Argentina
78%
Argentina
78%
78%
Saudi Arabia
78%
Texas
77%
77%
76%
76%
Vatican City
76%
Panama
76%
76%
SpongeBob SquarePants
76%
75%
Yemen
75%
London
75%
75%
74%
Peru
74%
Oman
74%
74%
Abraham Lincoln
74%
74%
74%
Florida
74%
Uganda
74%
74%
Costa Rica
74%
74%
Serbia
73%
Tajikistan
73%
Norway
73%
73%
73%
Norway
73%
73%
Great {Pyramid} of Giza
73%
Edinburgh
73%
73%
73%
73%
Honduras
73%
73%
El Salvador
73%
73%
73%
Guatemala
73%
72%
72%
Bosnia & Herzegovina
72%
Croatia
72%
72%
Nicaragua
72%
71%
Ron
71%
71%
71%
Liechtenstein
71%
Delhi
71%
Indigo
71%
Belize
71%
71%
71%
70%
Kyrgyzstan
70%
70%
70%
San Marino
70%
Slovenia
70%
70%
70%
Bolivia
70%
Andorra
70%
Monaco
70%
70%
Luxembourg
70%
70%
69%
Colombia
69%
69%
Qatar
69%
69%
Sleepy
69%
Glasgow
68%
68%
Ecuador
67%
Montenegro
67%
67%
Everest
67%
67%
Superman
67%
67%
Mumbai
67%
67%
67%
66%
Canada
66%
Macedonia
66%
Denmark
66%
66%
66%
Athens
65%
65%
Sloth
64%
Brussels
64%
64%
64%
64%
64%
Greed
64%
Kuwait
64%
Kosovo
64%
64%
64%
64%
Los Angeles
64%
Grumpy
64%
63%
63%
Philosopher's Stone
63%
Batman
63%
{Hanging} {Gardens} of Babylon
63%
63%
Venezuela
63%
63%
62%
Malta
62%
62%
Ontario
62%
61%
Japan
61%
Patrick Star
61%
61%
Doc
61%
61%
Benjamin Franklin
60%
60%
Quebec
60%
60%
Italy
60%
60%
59%
Gluttony
59%
Happy
58%
58%
58%
58%
58%
Bahrain
58%
Dopey
58%
Paris
58%
Envy
58%
58%
Budapest
58%
58%
57%
Prisoner of Azkaban
57%
Deathly Hallows
57%
Sneezy
57%
57%
57%
56%
Dubai
56%
56%
British Columbia
56%
55%
55%
Illinois
55%
Ginny
55%
55%
55%
55%
Chamber of Secrets
55%
Netherlands
55%
55%
Lust
55%
55%
55%
Kilimanjaro
55%
Thomas Jefferson
55%
Goblet of Fire
55%
55%
Half-Blood Prince
55%
Alberta
55%
55%
54%
Bucharest
54%
54%
Wonder Woman
54%
53%
53%
Ukraine
53%
53%
Black Sea
53%
Belgium
53%
52%
Bashful
52%
Bern
51%
51%
George
51%
51%
51%
Order of the Phoenix
51%
50%
50%
Fred
50%
Io
50%
49%
Mediterranean Sea
49%
48%
48%
48%
48%
Kolkata
48%
Moon
48%
Aberdeen
48%
Pennsylvania
48%
Bratislava
47%
47%
46%
46%
High Jump
46%
46%
Belgrade
46%
Long Jump
46%
46%
Pride
46%
46%
Javelin
46%
Saskatchewan
45%
45%
43%
Abu Dhabi
43%
43%
Squidward Q. Tentacles
43%
42%
Baptism
42%
42%
42%
Wrath
42%
42%
Ohio
42%
42%
42%
Manitoba
42%
New Zealand
42%
{Colossus} of Rhodes
42%
41%
Percy
41%
{Lighthouse} of Alexandria
41%
41%
40%
Mr. Eugene H. Krabs
40%
Caspian Sea
39%
39%
39%
39%
100m Hurdles
39%
Marriage
39%
38%
Mount McKinley
38%
38%
Andrew Jackson
38%
38%
Bill
38%
38%
Aquaman
38%
37%
Shot Put
37%
Sandy Cheeks
37%
37%
36%
Statue of {Zeus} at Olympia
36%
36%
Eucharist
36%
35%
35%
Alexander Hamilton
35%
Flash
35%
Inverness
34%
34%
Charlie
34%
34%
34%
Cliff
34%
32%
Theo
32%
Titan
32%
Green Lantern
32%
32%
32%
31%
Europa
31%
31%
Adriatic Sea
31%
31%
Rudy
31%
New Brunswick
31%
31%
Ulysses S. Grant
31%
31%
30%
Confirmation
30%
30%
Clair
30%
Gary Snail Jr.
29%
29%
28%
Dundee
28%
28%
Sheldon J. Plankton
28%
200m Run
28%
28%
28%
Chennai
28%
800m Run
27%
27%
Bangalore
24%
24%
Penance
23%
Ganymede
23%
23%
23%
22%
Temple of {Artemis} at Ephesus
22%
Arabian Sea
21%
Denise
21%
21%
21%
20%
Hyderabad
20%
20%
Vanessa
20%
Lake Placid
19%
19%
Perth
19%
19%
Chastity
18%
{Mausoleum} of Halicarnassus
18%
18%
18%
Charity
18%
18%
Callisto
17%
17%
17%
Sondra
17%
Persian Gulf
17%
17%
Elbrus
17%
15%
Aconcagua
15%
Innsbruck
15%
15%
15%
Ahmedabad
14%
Stirling
14%
14%
14%
Holy Orders
13%
13%
Patience
13%
13%
Triton
12%
12%
Anointing of the Sick
11%
11%
10%
10%
Humility
10%
10%
Kindness
10%
Martian Manhunter
10%
8%
St. Moritz
7%
7%
7%
Vinson Massif
7%
6%
Sharjah
6%
Temperance
6%
Carstensz Pyramid
6%
6%
Ras al-Khaimah
3%
3%
3%
3%
Fujairah
3%
Diligence
3%
2%
Umm al-Quwain
2%
2%
Ajman
2%

Score Distribution

Percentile by Number Answered

Percent of People with Each Score

Your Score History

You have not taken this quiz